| Tag |
First Indicator |
Second Indicator |
Subfields |
| LEADER |
00000pam a22000004a 4500 |
| 001 |
in00002000382 |
| 005 |
20151031125316.0 |
| 008 |
040625s2004 enkab b 001 0 eng |
| 010 |
|
|
|a 2004014772
|
| 020 |
|
|
|a 1557788375 (pbk. : alk. paper)
|
| 035 |
|
|
|a (OCoLC)ocm55955144
|
| 040 |
|
|
|a DLC
|c DLC
|d UtOrBLW
|
| 042 |
|
|
|a pcc
|
| 043 |
|
|
|a f-rw---
|
| 049 |
|
|
|a TXAM
|
| 050 |
0 |
0 |
|a DT450.435
|b .G474 2004
|
| 082 |
0 |
0 |
|a 261.8/33151/0967571
|2 22
|
| 245 |
0 |
0 |
|a Genocide in Rwanda :
|b complicity of the churches? /
|c edited by Carol Rittner, John K. Roth, Wendy Whitworth.
|
| 250 |
|
|
|a 1st ed.
|
| 264 |
|
1 |
|a Newark, Notts., U.K. :
|b Aegis ;
|a St. Paul, Minn. :
|b Paragon House,
|c [2004]
|
| 264 |
|
4 |
|c ©2004
|
| 300 |
|
|
|a xiii, 319 pages :
|b illustrations, maps ;
|c 23 cm.
|
| 336 |
|
|
|a text
|b txt
|2 rdacontent
|
| 337 |
|
|
|a unmediated
|b n
|2 rdamedia
|
| 338 |
|
|
|a volume
|b nc
|2 rdacarrier
|
| 504 |
|
|
|a Includes bibliographical references (pages 293-298) and index.
|
| 505 |
0 |
|
|a Part I: The church and power -- Religion and the Rwandan genocide : some preliminary considerations / Hubert G. Locke -- Genocide in Rwanda 1994 : an Anglican perspective / Roger W. Bowen -- The church and the genocide in Rwanda / Octave Ugirashebuja -- The church and power : responses to genocide and massive human rights abuses in comparative perspective / Jerry Fowler -- Part II: The church and people -- The failure to confront evil : a collective responsibility, a personal reflection / Charles Petrie -- Rwanda, 100 days, 1994 : one perspective / Marie Julianne Farrington -- Memory never forgets miracles / Philippe Gaillard -- The church and the Rwandan tragedy of 1994 : a personal view / Marie Césarie Mukarwego -- Part III: The church and responsibility -- Genocide and the church in Rwanda : an interview with Tom O'Hara, C.S.C. / Carol Rittner -- The Christian churches and the construction of a genocidal mentality in Rwanda / Matthias Bjørnlund ... [et. al.] -- The Rwandan genocide and the British religious press : Roman Catholic, Anglican and Baptist / Margaret Brearley -- Churches as memorial sites : a photo essay / James M. Smith and Carol Rittner -- Part IV: The church and complicity? -- From Kibeho to Medjugorje : the Catholic Church and ethno-nationalist movements and regimes / Léon D. Saur -- The church's blind eye to genocide in Rwanda / Tom Ndahiro -- Two convicted Rwandan nuns / Martin (François) Neyt -- Why the churches were complicit : confessions of a broken-hearted Christian / David P. Gushee -- Epilogue: what should be remembered? / John K. Roth.
|
| 650 |
|
0 |
|a Genocide
|z Rwanda.
|
| 650 |
|
0 |
|a Genocide
|x Religious aspects
|x Christianity.
|
| 650 |
|
0 |
|a Ethnic relations
|x Religious aspects
|x Christianity.
|
| 651 |
|
0 |
|a Rwanda
|x History
|y Civil War, 1994
|x Atrocities.
|
| 651 |
|
0 |
|a Rwanda
|x History
|y Civil War, 1994
|x Religious aspects.
|
| 651 |
|
0 |
|a Rwanda
|x Ethnic relations.
|
| 700 |
1 |
|
|a Rittner, Carol,
|d 1943-
|
| 700 |
1 |
|
|a Roth, John K.
|
| 700 |
1 |
|
|a Whitworth, Wendy.
|
| 945 |
|
|
|i PromptCat
|
| 948 |
|
|
|a cataloged
|b h
|c 2004/10/28
|d c
|e dmitchel
|f 1:54:26 pm
|
| 994 |
|
|
|a 92
|b TXA
|
| 999 |
|
|
|a MARS
|
| 999 |
f |
f |
|s 31c2072a-9a2a-3569-8587-247f167d8138
|i 331778f8-9889-3f8f-8191-a943fdbaf97c
|t 0
|
| 952 |
f |
f |
|p normal
|a Texas A&M University
|b College Station
|c Sterling C. Evans Library
|d Evans: Library Stacks
|t 0
|e DT450.435 .G474 2004
|h Library of Congress classification
|i unmediated -- volume
|m A14831344191
|
| 998 |
f |
f |
|a DT450.435 .G474 2004
|t 0
|l Evans: Library Stacks
|